| 000 | 00421nam a22001097a 4500 | ||
|---|---|---|---|
| 008 | 230629b xxu||||| |||| 00| 0 eng d | ||
| 082 |
_a338.9 _bTHO |
||
| 245 | _aA Study to Assess the Likely Impacts on Southern African and EU Producers of Further Liberalising the Trade, Development and Co-operation Agreement (TDCA) by Granting South Africa Duty Free Access to the EU | ||
| 300 | _aIV,52p | ||
| 440 | _n3 | ||
| 942 |
_2ddc _cBK |
||
| 999 |
_c3004 _d3004 |
||